000 01680nam a2200373 i 4500
003 DO-SdBNP
005 20250402114410.0
007 ta
008 250402b2024 dr a c 000 0 spa d
020 _a9789945245486
040 _aDO-SdBNP
_bspa
_cBNPHU
_erda
082 4 _aRD863.4
_bS237
_222
100 1 _aSantos, Dulce Elvira de los
_943394
_eautora
_4aut.
245 1 4 _aNana y Lorenzo o la fuerza del amor /
_cDulce Elvira de los Santos ; ilustraciones, Guillermo Pérez ; corrección de estilo, Gisela Vargas Ortega ; edición, Jorge Luis Zamora.
250 _aPrimera edición
264 4 _aSanto Domingo :
_bSantillana Infantil y Juvenil,
_c©2024.
300 _a37 páginas :
_bilustraciones :
_c20 cm.
336 _atexto
_btxt
_2rdacontent
337 _asin mediación
_bn
_2rdamedia
338 _avolumen
_bnc
_2rdacarrier
490 0 _aLoqueleo
490 0 _aMorada
_aCuento
_v8
500 _aIncluye datos biográficos de la autora en las páginas 36-37.
520 _aCon un estilo emotivo y lleno de detalles, Dulce Elvira nos sumerge en el mundo fascinante de los elefantes, y nos muestra la belleza y la grandeza de estos majestuosos animales a través de la amistad de la elefanta Nana y Lorenzo, un valiente conservacionista.
521 _aJóvenes a partir de 8 años.
590 _aInventariado, 2025/ YL
650 4 _aCuentos infantiles dominicanos
_984578
650 4 _aLiteratura infantil dominicana
_984579
700 1 _aPérez, Guillermo
_eilustraciones
_929569
_4il.
700 1 _aVargas Ortega, Gisela,
_ecorrección de estilo
_965096
_4corr.
700 1 _aZamora, Jorge Luis,
_eedición
_942960
_4ed.
910 _aYLockward
942 _2ddc
_cLF2
999 _c58563
_d58563